000 00323nam a2200133 i 4500
001 bg
100 1 _aISAACS, Neil S.
245 0 _aFizyczna chemia organiczna :
_bćwiczenia /
_cNeil S. Isaacs.
260 _aWarszawa,
_c1974.
040 _cBPK
041 _apol
942 _cKS
008 s pl f |000 0 pol
999 _c26130
_d26130
856 _uhttp://koha.tu.koszalin.pl/cgi-bin/koha/opac-detail.pl?biblionumber=26130
_yKatalog online BPK